Writers of the Modern Age and their Works - Statistics

General Stats
  • This quiz has been taken 24 times
  • The average score is 8 of 35
Answer Stats
Hint Answer % Correct
Heart of Darkness
86%
Jungle Book
68%
HG Wells The Time Machine
68%
TS Eliot The Wasteland
64%
Rudyard Kipling Kim
55%
EM Forster A Passage to India
45%
Pygmalion
45%
The War of the Worlds
45%
Lord Jim
41%
A Room with a View
36%
The Invisible Man
36%
DH Lawrence Sons and Lovers
32%
Lady Chatterly's Lover
23%
Forsyte Saga
14%
The Island of Dr. Moreau
14%
Caesar and Cleopatra
9%
Four Quartets
9%
Saint Joan
9%
Justice
5%
Loyalties
5%
Prufrock and other Poems
5%
Strife
5%
Sweeney Agonistes
5%
The First Men in the Moon
5%
The Hollow Men
5%
The Inn of Tranquility
5%
Joseph Conrad The Nigger of the Narcissus
5%
Arnold Bennet The Old Wives Tale
5%
The Patrician
5%
John Galsworthy The Silver Box
5%
Victory
5%
What is a Classic?
5%
GB Shaw Candida
0%
Man and Superman
0%
The Sacred Wood
0%
No matching quizzes found
Score Distribution
Percent of People with Each Score
Percentile by Number Answered
Your Score History
You have not taken this quiz